00842nam a2200205 a 4500001000900000005001700009008004100026020001500067050002100082100002700103245017400130260005100304300002400355500006900379610006700448650006400515700002000579700001700599700002000616BRCA_52420190320203040.0930216s1993 caua---##b---#001-0#eng-# a0892362219 4aNK460b.B74 19931 aBremer-David, Charissa10aDecorative Artsban Illustrated Summary Catalogue of the Collections of the J. Paul Getty MuseumcCharissa Bremer-David with Peggy Fogelman, Peter Fusco, Catherine Hess. aMalibu, CaliforniabJ. Paul Getty Museumc1993 a308 p.bil.c22 cm. aIncluye índice de marcas e índice de propietarios anteriores24aJ. Paul Getty MuseumvCatálogoszCalifornia (Estados Unidos)14aArtes decorativasvCatálogoszCalifornia (Estados Unidos)1 aFogelman, Peggy1 aFusco, Peter1 aHess, Catherine